[Event "FIDE World Rapid Team"]
[Site "London ENG"]
[Date "2025.06.11"]
[Round "1.6"]
[White "Kennedy, Aden"]
[Black "Lobkin, Bohdan"]
[Result "1-0"]
[WhiteElo "1950"]
[BlackElo "1900"]
[WhiteTeam "Chess Rising Stars"]
[BlackTeam "Germany and Friends"]
[WhiteFideId "343401015"]
[BlackFideId "34115552"]
[EventDate "2025.06.11"]
[EventType "team"]

1. e4 d5 2. exd5 Qxd5 3. Nc3 Qe5+ 4. Be2 Bg4 5. d4 Bxe2 6. Ngxe2 Qa5 7. O-O Nf6
8. Be3 e6 9. Qd2 Be7 10. Rad1 O-O 11. a3 c6 12. Ng3 Nbd7 13. Qe2 Rac8 14. f4 c5
15. dxc5 Bxc5 16. Kh1 Bxe3 17. Qxe3 Qb6 18. Qc1 Rfd8 19. f5 Ng4 20. fxe6 fxe6
21. Qf4 Ndf6 22. Rxd8+ Rxd8 23. Nce4 e5 24. Nxf6+ Nxf6 25. Qxe5 Rd5 26. Qc3 Rc5
27. Qd3 Qxb2 28. Qd8+ Kf7 29. Qd7+ Kg6 30. Qd3+ Kf7 31. Qd7+ Kg6 32. Qd3+ Kf7
33. Ne4 Qe5 34. Nxc5 Qxc5 35. Qxh7 Qxa3 36. Qe4 Qa6 37. Qf3 Qb5 38. Re1 a5 39.
Qa3 b6 40. Qe7+ Kg6 41. h3 Qc4 42. Qe3 Qxc2 43. Qxb6 a4 44. Qa5 Qf2 45. Ra1 Ne4
46. Qa6+ Kh7 47. Qd3 Qf5 48. Qf3 Qg6 49. Rxa4 Ng3+ 50. Kh2 Nf5 51. Rg4 Qd6+ 52.
Qf4 Qe6 53. Rg5 g6 54. h4 Ng7 55. Qg4 Qd6+ 56. Qg3 Qf6 57. Qe5 Qf7 58. Qe4 Kh6
59. Rc5 Qd7 60. Qe5 Qd8 61. Qg5+ Qxg5 62. Rxg5 Ne6 63. Re5 Ng7 64. Kh3 Nf5 65.
g4 Nd4 66. Re7 Nc6 67. g5+ Kh5 68. Rh7# 1-0

[Event "FIDE World Rapid Team"]
[Site "London ENG"]
[Date "2025.06.11"]
[Round "1.1"]
[White "Orozbaev, Eldiyar"]
[Black "Nihal, Sarin"]
[Result "0-1"]
[WhiteTitle "IM"]
[BlackTitle "GM"]
[WhiteElo "2367"]
[BlackElo "2696"]
[WhiteTeam "Noval Group Kyrgyzstan"]
[BlackTeam "Ashdod Elit Chess Club"]
[WhiteFideId "13802240"]
[BlackFideId "25092340"]
[EventDate "2025.06.11"]
[EventType "team"]

1. e4 d5 2. exd5 Qxd5 3. Nc3 Qd6 4. d4 Nf6 5. Nf3 a6 6. g3 b5 7. Bg2 Bb7 8. Bf4
Qb6 9. Qe2 e6 10. a4 Bb4 11. O-O O-O 12. axb5 Bxc3 13. bxc3 axb5 14. Rxa8 Bxa8
15. Rb1 Ne4 16. Qd3 Qa5 17. Re1 Nf6 18. Rb1 Be4 19. Qxb5 Qxc3 20. Qxb8 Qxc2 21.
Nd2 Bxg2 22. Kxg2 Qc6+ 23. d5 Nxd5 24. Nf3 g5 25. Be5 g4 26. Qb3 f6 27. Bd4 e5
28. Nxe5 fxe5 29. Bxe5 Rf3 30. Qb8+ Kf7 31. Kg1 Qc2 32. Rf1 Ne3 33. fxe3 Rxf1+
34. Kxf1 Qd1+ 35. Kf2 Qf3+ 36. Kg1 Qxe3+ 37. Kg2 Qxe5 38. Qc8 h5 39. Qd7+ Kg6
40. Qc6+ Kf5 41. Qd7+ Ke4 42. Qa4+ Kd5 43. Qb3+ Kd6 44. Qb8 Qd5+ 45. Kf2 Kd7 46.
Ke3 c5 47. Qa7+ Ke6 48. Qb6+ Kf5 49. Qb1+ Kf6 50. Qf1+ Qf5 51. Qb5 Qf3+ 52. Kd2
Qf2+ 53. Kc3 Qd4+ 54. Kc2 Qe4+ 55. Kc1 Qh1+ 56. Kb2 Qxh2+ 57. Ka3 Qxg3+ 58. Ka4
Qf4+ 0-1

[Event "FIDE World Rapid Team"]
[Site "London ENG"]
[Date "2025.06.11"]
[Round "1.2"]
[White "Gledura, Benjamin"]
[Black "Degenbaev, Aziz"]
[Result "1-0"]
[WhiteTitle "GM"]
[BlackTitle "FM"]
[WhiteElo "2668"]
[BlackElo "2286"]
[WhiteTeam "Ashdod Elit Chess Club"]
[BlackTeam "Noval Group Kyrgyzstan"]
[WhiteFideId "712779"]
[BlackFideId "13802640"]
[EventDate "2025.06.11"]
[EventType "team"]

1. Nf3 Nf6 2. g3 g6 3. b3 Bg7 4. Bb2 d6 5. d4 O-O 6. Bg2 d5 7. O-O c6 8. c4 Bf5
9. Nc3 Ne4 10. Ne5 Nxc3 11. Bxc3 Be6 12. cxd5 cxd5 13. Qd2 Nd7 14. Rfd1 Nf6 15.
Ba5 b6 16. Bb4 Re8 17. Rac1 Ne4 18. Qf4 a5 19. Ba3 b5 20. Bxe4 dxe4 21. Qxe4 Bd5
22. Qf4 b4 23. Bb2 f6 24. e4 Bb7 25. Nc6 Qb6 26. d5 e5 27. Qg4 a4 28. Rc2 axb3
29. axb3 Ra2 30. Qd7 Rea8 31. Ne7+ Kh8 32. Rc7 1-0

[Event "FIDE World Rapid Team"]
[Site "London ENG"]
[Date "2025.06.11"]
[Round "1.3"]
[White "Zhakshylykov, Erzhan"]
[Black "Moiseenko, Alexander"]
[Result "1/2-1/2"]
[WhiteTitle "IM"]
[BlackTitle "GM"]
[WhiteElo "2362"]
[BlackElo "2568"]
[WhiteTeam "Noval Group Kyrgyzstan"]
[BlackTeam "Ashdod Elit Chess Club"]
[WhiteFideId "13804111"]
[BlackFideId "14102560"]
[EventDate "2025.06.11"]
[EventType "team"]

1. c4 e5 2. Nc3 Bb4 3. Nd5 a5 4. Nf3 d6 5. g3 c6 6. Ne3 e4 7. Nd4 Bc5 8. Ndc2
Nf6 9. d3 O-O 10. Bg2 d5 11. dxe4 dxe4 12. Qxd8 Rxd8 13. Bd2 Nbd7 14. O-O-O b5
15. Bc3 Bb7 16. Nf5 b4 17. Bd4 g6 18. Nfe3 Be7 19. b3 a4 20. g4 axb3 21. axb3
Nc5 22. Bxc5 Bxc5 23. g5 Nh5 24. Bxe4 Nf4 25. Bf3 Nh3 26. Ng4 Nxg5 27. Bg2 Ne6
28. e3 Bf8 29. Rxd8 Rxd8 30. Rd1 Ra8 31. Nf6+ Kg7 32. Nd7 Be7 33. Nb6 Rb8 34.
Nd7 Rd8 35. Ne5 Rxd1+ 36. Kxd1 Nd8 37. Nd3 c5 38. Bxb7 Nxb7 39. Ke2 Na5 40. Nc1
f5 41. Ne1 g5 42. Kd3 Kf6 43. Kc2 g4 44. Ncd3 Bd6 45. Nf4 Bxf4 46. exf4 Nc6 47.
Nd3 Nd4+ 48. Kb2 Ne6 49. Kc2 h5 50. Kd1 Ke7 51. f3 gxf3 52. Ke1 Kd6 53. Kf2 Nd4
54. Nc1 h4 55. h3 Kc7 56. Ke3 Kb6 57. Kf2 Kc7 58. Ke3 Kd7 59. Kf2 Kd6 60. Ke3
Ke7 61. Kf2 Kf6 62. Ke3 Kf7 63. Kf2 Ke6 64. Ke3 Kd6 65. Kf2 Kc6 66. Ke3 1/2-1/2

[Event "FIDE World Rapid Team"]
[Site "London ENG"]
[Date "2025.06.11"]
[Round "1.4"]
[White "Smirin, Ilia"]
[Black "Sharshenbekov, Emir"]
[Result "1-0"]
[WhiteTitle "GM"]
[BlackTitle "CM"]
[WhiteElo "2564"]
[BlackElo "2091"]
[WhiteTeam "Ashdod Elit Chess Club"]
[BlackTeam "Noval Group Kyrgyzstan"]
[WhiteFideId "2801990"]
[BlackFideId "13810634"]
[EventDate "2025.06.11"]
[EventType "team"]

1. e4 e5 2. Nf3 Nf6 3. d4 Nxe4 4. Nxe5 d5 5. Nd2 Bd6 6. Nxe4 dxe4 7. Qh5 O-O 8.
Bc4 Bxe5 9. dxe5 Qd4 10. Bb3 Nc6 11. Bf4 Be6 12. c3 Qc5 13. O-O Bxb3 14. axb3 f5
15. b4 Qe7 16. f3 g6 17. Qh3 Nxe5 18. fxe4 fxe4 19. Rae1 Nc4 20. b3 Nd6 21. Qe3
Rae8 22. Qxa7 b6 23. Qa2 Nf5 24. Qe2 Qe6 25. Bxc7 Rc8 26. Bf4 Rxc3 27. Qxe4 Qxe4
28. Rxe4 Rxb3 29. Rd1 Rf7 30. g4 Ng7 31. Bh6 Rh3 32. g5 Rc7 33. Rd8+ Kf7 34. Rh8
Rc1+ 35. Kg2 Rd3 36. Rxh7 Rc2+ 37. Kf1 1-0

[Event "FIDE World Rapid Team"]
[Site "London ENG"]
[Date "2025.06.11"]
[Round "1.5"]
[White "Lesbekova, Assel"]
[Black "Manakova, Maria"]
[Result "0-1"]
[WhiteTitle "WCM"]
[BlackTitle "WGM"]
[WhiteElo "1948"]
[BlackElo "2253"]
[WhiteTeam "Noval Group Kyrgyzstan"]
[BlackTeam "Ashdod Elit Chess Club"]
[WhiteFideId "13713248"]
[BlackFideId "927007"]
[EventDate "2025.06.11"]
[EventType "team"]

1. d4 f5 2. Bf4 e6 3. Nf3 Nf6 4. e3 b6 5. c4 Bb7 6. Nc3 Bb4 7. a3 Bxc3+ 8. bxc3
Ne4 9. Ne5 O-O 10. f3 g5 11. Bg3 f4 12. fxe4 fxg3 13. hxg3 Bxe4 14. Bd3 Bxd3 15.
Qxd3 Qe7 16. Rh5 Rf5 17. g4 Rxe5 18. dxe5 Nc6 19. Ke2 Rf8 20. Rah1 Rf7 21. Qe4
Qxa3 22. Rxg5+ Kf8 23. Qc2 Qc5 24. Qa2 Nxe5 25. Rgh5 Qc6 26. Kd1 Nxg4 27. Re1
Nf2+ 28. Kc2 Qe4+ 29. Kb3 Nd3 30. Rd1 Rf2 31. Qxa7 Nc5+ 32. Rxc5 Qc2+ 33. Ka3
Qa2+ 0-1

[Event "FIDE World Rapid Team"]
[Site "London ENG"]
[Date "2025.06.11"]
[Round "1.6"]
[White "Sailaubay, Aldiyar"]
[Black "Zhunusbekova, Aimonchok"]
[Result "1-0"]
[WhiteElo "1910"]
[BlackElo "1890"]
[WhiteTeam "Ashdod Elit Chess Club"]
[BlackTeam "Noval Group Kyrgyzstan"]
[WhiteFideId "13729357"]
[BlackFideId "13810251"]
[EventDate "2025.06.11"]
[EventType "team"]

1. e4 g6 2. Nf3 Bg7 3. c3 a6 4. d4 b5 5. Bd3 Bb7 6. Be3 d6 7. O-O Nd7 8. a4 Ngf6
9. Nbd2 O-O 10. h3 c5 11. axb5 axb5 12. Rxa8 Bxa8 13. Bxb5 cxd4 14. Bxd4 Nxe4
15. Nxe4 Bxe4 16. Bxd7 Bxf3 17. Qxf3 Bxd4 18. Bc6 Bg7 19. b4 Qb6 20. b5 Qc5 21.
Rc1 Rb8 22. Qe3 Qxe3 23. fxe3 Kf8 24. Kf2 e6 25. Ke2 Ke7 26. Kd3 d5 27. Ra1 Be5
28. Ra7+ Kf6 29. Rd7 g5 30. c4 dxc4+ 31. Kxc4 Bb2 32. Rd3 Ke5 33. Kc5 f5 34. b6
h5 35. b7 g4 36. Kb6 Kf6 37. Rb3 Be5 38. Ra3 Bg3 39. Ra8 Bd6 40. Ka7 e5 41. Rxb8 1-0

[Event "FIDE World Rapid Team"]
[Site "London ENG"]
[Date "2025.06.11"]
[Round "1.1"]
[White "Aronian, Levon"]
[Black "Derakhshani, Borna"]
[Result "1-0"]
[WhiteTitle "GM"]
[BlackTitle "FM"]
[WhiteElo "2742"]
[BlackElo "2348"]
[WhiteTeam "Hexamind Chess Team"]
[BlackTeam "Wood Green Youth"]
[WhiteFideId "13300474"]
[BlackFideId "12518450"]
[EventDate "2025.06.11"]
[EventType "team"]

1. c4 e6 2. Nf3 d5 3. e3 Nf6 4. b3 c6 5. Bb2 a6 6. Nc3 b5 7. Be2 Bd6 8. O-O O-O
9. d4 Nbd7 10. Qc2 Bb7 11. c5 Bc7 12. Bd3 b4 13. Ne2 a5 14. a3 bxa3 15. Rxa3 Ba6
16. Bxa6 Rxa6 17. b4 Qb8 18. Bc3 Ne4 19. Rb1 a4 20. Rxa4 Qb5 21. Rxa6 Qxa6 22.
Be1 Rb8 23. Nc1 f5 24. Nd3 g5 25. Nfe5 Bxe5 26. dxe5 Qc4 27. Rc1 Qxc2 28. Rxc2
g4 29. f3 Ng5 30. Bh4 Nf7 31. Ra2 gxf3 32. gxf3 Nfxe5 33. Nxe5 Nxe5 34. Bg3 f4
35. Bxf4 Nxf3+ 36. Kf2 e5 37. Kxf3 exf4 38. Kxf4 Rxb4+ 39. Ke5 Rh4 40. Kd6 Rh6+
41. Kd7 Kf7 42. Rf2+ Kg7 43. Rf3 Kg8 44. Rf5 Kg7 45. Re5 Kf7 46. Re7+ Kf8 47.
Re6 Rxh2 48. Kxc6 Kf7 49. Re5 h5 50. Kd7 Kf6 51. Rxd5 h4 52. c6 Rg2 53. c7 Rg7+
54. Kc6 1-0

[Event "FIDE World Rapid Team"]
[Site "London ENG"]
[Date "2025.06.11"]
[Round "1.2"]
[White "Balaji, Aaravamudhan"]
[Black "Murzin, Volodar"]
[Result "0-1"]
[WhiteTitle "IM"]
[BlackTitle "GM"]
[WhiteElo "2346"]
[BlackElo "2666"]
[WhiteTeam "Wood Green Youth"]
[BlackTeam "Hexamind Chess Team"]
[WhiteFideId "436224"]
[BlackFideId "44155573"]
[EventDate "2025.06.11"]
[EventType "team"]

1. d4 Nf6 2. c4 g6 3. Nc3 Bg7 4. e4 O-O 5. Be2 d6 6. Be3 c6 7. Nf3 a6 8. a4 a5
9. O-O Na6 10. h3 Nd7 11. Qd2 Re8 12. Rad1 e5 13. d5 c5 14. Bg5 f6 15. Bh4 Nb4
16. Nh2 Qe7 17. Bg4 Nf8 18. Kh1 Kh8 19. Rde1 Bd7 20. Bxd7 Nxd7 21. Ng4 Rf8 22.
f3 Rf7 23. Nb5 Rc8 24. Na7 Rd8 25. Nb5 Nb6 26. b3 Qf8 27. Re2 h5 28. Ne3 Bh6 29.
Qd1 Rdd7 30. Nc2 Nc8 31. Nxb4 axb4 32. a5 f5 33. exf5 Rxf5 34. Qa1 Rdf7 35. Rfe1
Kh7 36. a6 bxa6 37. Qxa6 g5 38. Bg3 g4 39. fxg4 Rf1+ 40. Rxf1 Rxf1+ 41. Kh2 Bf4
42. Qb7+ Kh6 43. Bxf4+ Qxf4+ 44. g3 Qf3 45. Rg2 h4 46. g5+ Kg6 0-1

[Event "FIDE World Rapid Team"]
[Site "London ENG"]
[Date "2025.06.11"]
[Round "1.3"]
[White "Giri, Anish"]
[Black "Haydon, David L"]
[Result "1-0"]
[WhiteTitle "GM"]
[BlackTitle "FM"]
[WhiteElo "2748"]
[BlackElo "2284"]
[WhiteTeam "Hexamind Chess Team"]
[BlackTeam "Wood Green Youth"]
[WhiteFideId "24116068"]
[BlackFideId "415405"]
[EventDate "2025.06.11"]
[EventType "team"]

1. Nf3 Nf6 2. c4 e6 3. b3 d5 4. Bb2 Be7 5. e3 O-O 6. Nc3 c5 7. cxd5 exd5 8. d4
Nc6 9. Be2 Be6 10. O-O Rc8 11. dxc5 Bxc5 12. Nb5 Qe7 13. Rc1 Ne4 14. Nbd4 Ba3
15. Nxc6 bxc6 16. Qd4 Bxb2 17. Qxb2 c5 18. Rfd1 Rc7 19. h3 Qf6 20. Qxf6 Nxf6 21.
Nd4 Bd7 22. Ba6 Rb8 23. Rc2 c4 24. a4 g6 25. Bb5 Kg7 26. Rdc1 Bxb5 27. Nxb5 Rc5
28. bxc4 a6 29. Nd4 Rb4 30. cxd5 Rxc2 31. Rxc2 Nxd5 32. a5 Ra4 33. Nc6 Nf6 34.
g3 Ne4 35. Kg2 Nd6 36. Rd2 Nb7 37. Rd5 Rc4 38. Nd4 Ra4 39. Nc6 Rc4 40. Ne5 Rc5
41. Rxc5 Nxc5 42. Nc4 f5 43. g4 Kf6 44. gxf5 gxf5 45. Kg3 Ne4+ 46. Kf3 Nc5 47.
Nd2 Ke5 48. Kg3 Kf6 49. f3 h6 50. e4 Ne6 51. f4 fxe4 52. Nxe4+ Kf5 53. Nd6+ Kf6
54. Kf3 Nd4+ 55. Ke4 Nb3 56. Nc4 Ke6 57. f5+ Kf6 58. Kf4 Nd4 59. Ne3 Nc6 60.
Ng4+ Kg7 61. f6+ Kh7 62. Kf5 Nxa5 63. Ke6 Nc6 64. Kd7 Nd4 1-0

[Event "FIDE World Rapid Team"]
[Site "London ENG"]
[Date "2025.06.11"]
[Round "1.4"]
[White "Waldhausen Gordon, Frederick"]
[Black "Vidit, Santosh Gujrathi"]
[Result "1/2-1/2"]
[WhiteTitle "FM"]
[BlackTitle "GM"]
[WhiteElo "2395"]
[BlackElo "2720"]
[WhiteTeam "Wood Green Youth"]
[BlackTeam "Hexamind Chess Team"]
[WhiteFideId "2409143"]
[BlackFideId "5029465"]
[EventDate "2025.06.11"]
[EventType "team"]

1. Nf3 Nf6 2. d4 e6 3. c4 b6 4. g3 Bb7 5. Bg2 Be7 6. O-O O-O 7. d5 a5 8. Nc3 Bb4
9. dxe6 fxe6 10. Bd2 Na6 11. a3 Be7 12. Nd4 Bxg2 13. Kxg2 Nc5 14. b4 axb4 15.
axb4 Rxa1 16. Qxa1 Nce4 17. Nxe4 Nxe4 18. Bc3 Bf6 19. Bb2 Nd2 20. Rd1 Nxc4 21.
Bc3 Qa8+ 22. Nf3 Qxa1 23. Bxa1 Nd6 24. Be5 Bxe5 25. Nxe5 Rd8 26. Rd3 Kf8 27. Rc3
c6 28. Ra3 Ke8 29. Ra7 b5 30. Nd3 Nc8 31. Rb7 Nd6 32. Ra7 Nc4 33. e4 e5 34. Nc5
g5 35. Kf3 h5 36. h3 Ke7 37. Ke2 Nd6 38. Ke3 g4 39. hxg4 hxg4 40. f4 gxf3 41.
Kxf3 Nf7 42. Kg4 Nd6 43. Kf3 Ne8 44. g4 Ng7 45. Nd3 Kd6 46. Nc5 Rf8+ 47. Ke3 Rf7
48. Nb7+ Ke7 49. Nc5 Ke8 50. Ra8+ Ke7 51. Ra7 Ke8 52. Ra8+ Ke7 53. Ra7 1/2-1/2

[Event "FIDE World Rapid Team"]
[Site "London ENG"]
[Date "2025.06.11"]
[Round "1.5"]
[White "Divya, Deshmukh"]
[Black "Jaufarally, Nadia"]
[Result "1-0"]
[WhiteTitle "IM"]
[WhiteElo "2463"]
[BlackElo "1944"]
[WhiteTeam "Hexamind Chess Team"]
[BlackTeam "Wood Green Youth"]
[WhiteFideId "35006916"]
[BlackFideId "443727"]
[EventDate "2025.06.11"]
[EventType "team"]

1. d4 Nf6 2. c4 g6 3. g3 Bg7 4. Bg2 O-O 5. Nc3 d6 6. Nf3 c5 7. O-O Nc6 8. d5 Na5
9. Qd3 a6 10. Bf4 Rb8 11. a4 Qb6 12. e4 Nh5 13. Bg5 Qxb2 14. Ne2 Qb4 15. Rac1
Re8 16. Qc2 Bd7 17. Bd2 Qb6 18. h3 Qc7 19. g4 Nf6 20. Bc3 b5 21. e5 dxe5 22.
Bxe5 Qb6 23. Bxb8 Rxb8 24. axb5 axb5 25. cxb5 Bxb5 26. Rfd1 Nc4 27. Nc3 Ba6 28.
Rb1 Qc7 29. Qa4 Rxb1 30. Rxb1 Qa5 31. Rb8+ Bf8 32. Qxa5 Nxa5 33. Ra8 1-0

[Event "FIDE World Rapid Team"]
[Site "London ENG"]
[Date "2025.06.11"]
[Round "1.1"]
[White "Bjerre, Jonas Buhl"]
[Black "Van Foreest, Jorden"]
[Result "0-1"]
[WhiteTitle "GM"]
[BlackTitle "GM"]
[WhiteElo "2651"]
[BlackElo "2687"]
[WhiteTeam "¡Ållez-Y Initiative!"]
[BlackTeam "Knight Dance"]
[WhiteFideId "1444948"]
[BlackFideId "1039784"]
[EventDate "2025.06.11"]
[EventType "team"]

1. e4 e5 2. Nf3 Nc6 3. Bb5 a6 4. Ba4 Nf6 5. d3 Bc5 6. O-O d6 7. Bxc6+ bxc6 8.
Nc3 O-O 9. Ne2 Re8 10. Ng3 h6 11. b3 a5 12. a4 Bb6 13. Bb2 Bd7 14. h3 Rb8 15.
Qd2 c5 16. Kh1 c6 17. Rae1 Bc7 18. Qe3 Nh7 19. Nd2 Qg5 20. Nc4 Qxe3 21. fxe3 g6
22. Bc3 Ra8 23. Ne2 f6 24. Ng1 Kg7 25. d4 Ng5 26. dxe5 fxe5 27. Nd2 c4 28. h4
Nh7 29. Nxc4 Nf6 30. Nd2 Rf8 31. Nh3 Be6 32. Nf2 g5 33. Kg1 gxh4 34. Nd3 h3 35.
gxh3 Bxh3 36. Rf2 Kh7 37. Kh1 h5 38. Rg1 Kh6 39. Rg3 Bg4 40. Rg1 Nh7 41. Rh2 Rg8
42. Nf2 Be6 43. Rxg8 Rxg8 44. Nc4 Bxc4 45. bxc4 Bb6 46. Rg2 Rf8 47. Nd3 Bxe3 48.
Bxa5 Rf1+ 49. Kh2 Nf6 50. Re2 Ng4+ 51. Kh3 Rh1+ 52. Kg2 Rg1+ 53. Kh3 Bf4 54. Be1
Ne3 55. Nxf4 exf4 56. Bh4 Nxc4 57. Re1 Rg8 58. Rf1 Rf8 59. a5 Nd2 60. Re1 Ra8
61. Re2 Nf3 62. Rf2 Ng5+ 63. Kh2 Rxa5 64. Rxf4 Kg6 65. Be1 Re5 66. Bc3 Re6 67.
Rf8 Nxe4 68. Rg8+ Kf5 69. Rf8+ Kg4 70. Bb2 Ng5 71. Rf2 h4 72. Rg2+ Kh5 73. Rf2
Re3 74. Bc1 Rh3+ 75. Kg2 Rg3+ 76. Kf1 Rf3 77. Ba3 d5 0-1

[Event "FIDE World Rapid Team"]
[Site "London ENG"]
[Date "2025.06.11"]
[Round "1.2"]
[White "Moussard, Jules"]
[Black "Jacobsen, Mikkel Manosri"]
[Result "1-0"]
[WhiteTitle "GM"]
[BlackTitle "FM"]
[WhiteElo "2597"]
[BlackElo "2223"]
[WhiteTeam "Knight Dance"]
[BlackTeam "¡Ållez-Y Initiative!"]
[WhiteFideId "642908"]
[BlackFideId "1444514"]
[EventDate "2025.06.11"]
[EventType "team"]

1. c4 e6 2. Nc3 d5 3. d4 a6 4. cxd5 exd5 5. Bf4 Nf6 6. e3 Bd6 7. Bg5 c6 8. Bd3
Nbd7 9. Nge2 O-O 10. Qc2 h6 11. Bh4 Re8 12. Bg3 Nb6 13. O-O Nh5 14. Bxd6 Qxd6
15. Rae1 Be6 16. Nc1 Nf6 17. f3 c5 18. dxc5 Qxc5 19. Nb3 Qc7 20. Nd4 Nc4 21. Qf2
b5 22. Rc1 Qb6 23. b3 Nxe3 24. Qxe3 Bf5 25. Qf2 Bxd3 26. Rfd1 Bg6 27. Nde2 Qa5
28. Nf4 Rac8 29. Ncxd5 Nxd5 30. Nxd5 Bf5 31. Rxc8 Bxc8 32. h4 Be6 33. Nf4 Bf5
34. Qd2 Qxd2 35. Rxd2 Re1+ 36. Kf2 Ra1 37. Nd5 Bb1 38. Nc3 Bf5 39. g4 Be6 40.
Ke3 h5 41. gxh5 Rh1 42. Rd8+ Kh7 43. Rd6 Rxh4 44. Rxa6 b4 45. Ne4 Rxh5 46. f4
Kg6 47. Ng3 Rh3 48. Kf3 Kh7 49. Ra5 g6 50. Ra4 Rh2 51. Ne4 Bd5 52. Kg3 Rh5 53.
Nf6+ 1-0

[Event "FIDE World Rapid Team"]
[Site "London ENG"]
[Date "2025.06.11"]
[Round "1.3"]
[White "Muetsch, Annmarie"]
[Black "Dardha, Daniel"]
[Result "0-1"]
[WhiteTitle "WIM"]
[BlackTitle "GM"]
[WhiteElo "2271"]
[BlackElo "2646"]
[WhiteTeam "¡Ållez-Y Initiative!"]
[BlackTeam "Knight Dance"]
[WhiteFideId "12971367"]
[BlackFideId "240990"]
[EventDate "2025.06.11"]
[EventType "team"]

1. e4 c6 2. d4 d5 3. e5 Bf5 4. Ne2 e6 5. Ng3 Bg6 6. h4 h5 7. c4 Be7 8. Nc3 dxc4
9. Bxc4 Nd7 10. Nge2 Qb6 11. Bd3 Bxd3 12. Qxd3 Nh6 13. Bg5 Qd8 14. Bxe7 Qxe7 15.
Ne4 Nf5 16. O-O-O O-O-O 17. Qb3 Nb6 18. f3 Kb8 19. g4 hxg4 20. fxg4 Nxh4 21. Nd6
Nc8 22. Nxc8 Rxc8 23. Kb1 Ng6 24. Rxh8 Rxh8 25. Nc3 Qd7 26. a4 Rh4 27. Ne4 Qd5
28. Qxd5 exd5 29. Nd6 Rxg4 30. Nxf7 Nf8 31. Nd6 Ne6 32. Rh1 Rxd4 33. Rh8+ Kc7
34. Re8 Nc5 35. Re7+ Kb6 36. Rxg7 Rxa4 37. Re7 Rg4 38. Kc2 Rg2+ 39. Kc3 a5 40.
Re8 Re2 41. Nf7 a4 42. Re7 Ne4+ 43. Kd3 Rxb2 44. Nd8 Nc5+ 45. Kc3 a3 46. Rh7 d4+ 0-1

[Event "FIDE World Rapid Team"]
[Site "London ENG"]
[Date "2025.06.11"]
[Round "1.4"]
[White "Maurizzi, Marc'Andria"]
[Black "Loftgaard, Mikkel Vinh"]
[Result "1-0"]
[WhiteTitle "GM"]
[BlackTitle "FM"]
[WhiteElo "2607"]
[BlackElo "2243"]
[WhiteTeam "Knight Dance"]
[BlackTeam "¡Ållez-Y Initiative!"]
[WhiteFideId "36083534"]
[BlackFideId "1468480"]
[EventDate "2025.06.11"]
[EventType "team"]

1. e4 c5 2. Nf3 e6 3. d4 cxd4 4. Qxd4 Nc6 5. Qe3 Nf6 6. Nc3 d6 7. b3 Be7 8. Bb2
O-O 9. O-O-O Qa5 10. Rg1 d5 11. e5 Nd7 12. Kb1 Bc5 13. Qe2 Ba3 14. Ba1 a6 15. h4
Bb4 16. Qe3 Bc5 17. Qf4 Bxf2 18. Rh1 Qb4 19. Qg5 h6 20. Qh5 Nc5 21. Bd3 Ne4 22.
Bxe4 dxe4 23. Ng5 e3 24. Nce4 Qe7 25. Nf6+ Kh8 26. Ng4 Bxh4 27. Nxh6 Qxg5 28.
Nxf7+ Kg8 29. Nxg5 Bxg5 30. Qh8+ 1-0

[Event "FIDE World Rapid Team"]
[Site "London ENG"]
[Date "2025.06.11"]
[Round "1.5"]
[White "Jalving, August"]
[Black "Roebers, Eline"]
[Result "0-1"]
[WhiteTitle "CM"]
[BlackTitle "IM"]
[WhiteElo "2306"]
[BlackElo "2356"]
[WhiteTeam "¡Ållez-Y Initiative!"]
[BlackTeam "Knight Dance"]
[WhiteFideId "1471759"]
[BlackFideId "1058401"]
[EventDate "2025.06.11"]
[EventType "team"]

1. e4 c5 2. Nf3 e6 3. Qe2 Nc6 4. g3 Nf6 5. Bg2 Be7 6. O-O d5 7. d3 O-O 8. e5 Nd7
9. h4 b5 10. Bf4 b4 11. Nbd2 a5 12. h5 h6 13. Rfe1 Ba6 14. Nf1 a4 15. Qd2 Re8
16. N1h2 Nf8 17. Ng4 Nh7 18. Nfh2 Ng5 19. Bxg5 Bxg5 20. f4 Be7 21. Rf1 Nd4 22.
Ne3 a3 23. b3 Rc8 24. Rad1 Nb5 25. Qf2 Nc3 26. Ra1 c4 27. dxc4 dxc4 28. bxc4 Bc5
29. Kh1 Bxc4 30. Rfe1 Bxa2 31. f5 exf5 32. Qxf5 Be6 33. Qf3 Qg5 34. Neg4 Rcd8
35. Qf4 Qxf4 36. gxf4 Rd2 37. Rf1 Ne2 38. Rf3 Bd5 39. Rd3 Bxg2+ 40. Kxg2 Nxf4+ 0-1

[Event "FIDE World Rapid Team"]
[Site "London ENG"]
[Date "2025.06.11"]
[Round "1.6"]
[White "Phulpin, Theo"]
[Black "McCallum, Elliot"]
[Result "1-0"]
[WhiteElo "1773"]
[BlackElo "1924"]
[WhiteTeam "Knight Dance"]
[BlackTeam "¡Ållez-Y Initiative!"]
[WhiteFideId "36001600"]
[BlackFideId "2645718"]
[EventDate "2025.06.11"]
[EventType "team"]

1. e4 c5 2. d4 cxd4 3. Qxd4 Nc6 4. Qd3 g6 5. Nc3 Bg7 6. Nf3 d6 7. Be2 Nf6 8. O-O
O-O 9. Nd5 Nxd5 10. exd5 Bf5 11. Qb3 Ne5 12. Nxe5 Bxe5 13. c3 Qc7 14. Be3 Rfc8
15. Rad1 a6 16. Bb6 Qd7 17. a4 Bg4 18. f3 Bf5 19. g4 h5 20. gxf5 Qxf5 21. Rf2
Qf4 22. Bf1 Qg5+ 23. Kh1 Kg7 24. Bh3 Rc5 25. Bxc5 dxc5 26. Qc4 b5 27. Qe4 Bf4
28. Qe2 Qh4 29. Qf1 bxa4 30. Bd7 Rd8 31. Bc6 e6 32. d6 Bxd6 33. f4 Kh7 34. Qg1
c4 35. Rfd2 Qxf4 36. Qg3 Qf5 37. Rxd6 Rxd6 38. Qxd6 e5 39. Bg2 e4 40. Rf1 1-0

[Event "FIDE World Rapid Team"]
[Site "London ENG"]
[Date "2025.06.11"]
[Round "1.1"]
[White "Kantor, Gergely"]
[Black "Fernandez, Daniel Howard"]
[Result "1-0"]
[WhiteTitle "GM"]
[BlackTitle "GM"]
[WhiteElo "2584"]
[BlackElo "2484"]
[WhiteTeam "Team Hungary"]
[BlackTeam "English Knightmares"]
[WhiteFideId "751499"]
[BlackFideId "5801605"]
[EventDate "2025.06.11"]
[EventType "team"]

1. e4 c5 2. Nf3 e6 3. d4 cxd4 4. Nxd4 Nf6 5. Nd2 Qc7 6. Bd3 Nc6 7. Nxc6 bxc6 8.
Qe2 e5 9. O-O Bc5 10. Nc4 O-O 11. Bg5 Ne8 12. Kh1 f6 13. Be3 Bxe3 14. Nxe3 a5
15. Rad1 Kh8 16. a4 Bb7 17. Qg4 Rd8 18. f4 d6 19. Bc4 d5 20. exd5 cxd5 21. Bxd5
exf4 22. Qxf4 Bxd5 23. Nxd5 Qxc2 24. Ne3 Qc8 25. Nc4 Qa8 26. Nb6 Qb8 27. Qxb8
Rxb8 28. Nd7 Nc7 29. Nxf8 Rxf8 30. Rd7 Ne6 31. Rd5 g6 32. Rxa5 Kg7 33. Ra7+ Kh6
34. Ra6 Re8 35. Re1 1-0